Průvodce po dějinách.

Bibliographic Details
Main Author: Brdlík, František, 1855-1936 (Author)
Format: Book
Language:Undetermined
PhysicalDescription:526 s.
Published: Praha Alois Hynka 1926

MARC

LEADER 00000nam a2200000 a 4500
001 vtls001356750
003 SK-MaSNL
005 20260301010536.0
008 240314s1926 xx 0 und
035 |a SNK000310238 
040 |a SNK  |b slo  |c SNK  |e AACR2 
100 1 |a Brdlík, František,  |d 1855-1936  |4 aut  |9 221167 
245 1 0 |a Průvodce po dějinách. 
260 |a Praha  |b Alois Hynka  |c 1926 
300 |a 526 s. 
999 |c 548402  |d 550332 
952 |t P60, <03>, [BOOK], {603}  |a SNK  |b SNK  |y PREZ  |7 0  |p 17A0184906  |o snkSD 24985  |0 0  |1 0  |4 0  |d 1999-03-04  |l 0  |r 2005-01-02 00:00:00  |w 2026-02-23